Statistics for 2022 FIFA World Cup Group G - Brazil - Switzerland

Click here to take the quiz!

General Stats

  • This quiz has been taken 70 times
  • The average score is 19 of 34

Answer Stats

Player% Correct
Richarlison
94%
Thiago Silva
94%
Vinícius Júnior
94%
Casemiro ¹
92%
Alisson
90%
Marquinhos
88%
Granit Xhaka
82%
Alex Sandro
80%
Lucas Paquetá
76%
Rodrygo
76%
Breel Embolo
74%
Éder Militão
72%
Raphinha
70%
Yann Sommer
70%
Fred
68%
Manuel Akanji
60%
Antony
58%
Gabriel Jesus
58%
Ricardo Rodriguez
50%
Tite
50%
Bruno Guimarães
46%
Haris Seferovic
46%
Alex Telles
44%
Remo Freuler
40%
Nico Elvedi
38%
Ruben Vargas
38%
Djibril Sow
34%
Silvan Widmer
32%
Edimilson Fernandes
22%
Murat Yakin
20%
Renato Steffen
20%
Fabian Frei
18%
Fabian Rieder
16%
Michel Aebischer
16%

Score Distribution

Percentile by Number Answered

Percent of People with Each Score

Your Score History

You have not taken this quiz